000 00364nam a2200133Ia 4500
005 20251222144842.0
008 251222s9999||||xx |||||||||||||| ||spa||
020 _a84-95015-95-1
082 _a532/S38
100 _aSentana Cremades, Eloy
245 0 _aSímbolos de Instalaciones para Fluidos en la Ingeniería
264 _bUniversidad de Alicante
942 _cLIB
999 _c21282
_d21282